Aircraft instrument systems. (Record no. 594121)
[ view plain ]
| 000 -LEADER | |
|---|---|
| fixed length control field | 00895pam a2200253 a 4500 |
| 001 - CONTROL NUMBER | |
| control field | 3450174 |
| 005 - DATE AND TIME OF LATEST TRANSACTION | |
| control field | 20230322161136.0 |
| 008 - FIXED-LENGTH DATA ELEMENTS--GENERAL INFORMATION | |
| fixed length control field | 920625s1985 wyua p 000 0 eng |
| 010 ## - LIBRARY OF CONGRESS CONTROL NUMBER | |
| LC control number | 92024616 |
| 020 ## - INTERNATIONAL STANDARD BOOK NUMBER | |
| International Standard Book Number | 0891000623 (pbk.) : |
| Terms of availability | $7.95 |
| 040 ## - CATALOGING SOURCE | |
| Original cataloging agency | DLC |
| Transcribing agency | DLC |
| Modifying agency | DLC |
| 050 00 - LIBRARY OF CONGRESS CALL NUMBER | |
| Classification number | TL589 |
| Item number | .A45 1985 |
| 082 00 - DEWEY DECIMAL CLASSIFICATION NUMBER | |
| Classification number | 629.135 |
| Edition number | 20 |
| Author Mark | CRA |
| 100 ## - MAIN ENTRY--PERSONAL NAME | |
| Personal name | Crane, Dale |
| 9 (RLIN) | 111142 |
| 245 00 - TITLE STATEMENT | |
| Title | Aircraft instrument systems. |
| Statement of responsibility, etc. | Dale Crane |
| 260 ## - PUBLICATION, DISTRIBUTION, ETC. | |
| Place of publication, distribution, etc. | Casper, WY : |
| Name of publisher, distributor, etc. | IAP, |
| Date of publication, distribution, etc. | c1985. |
| 300 ## - PHYSICAL DESCRIPTION | |
| Extent | x, 81 p. : |
| Other physical details | ill. ; |
| Dimensions | 28 cm. |
| 500 ## - GENERAL NOTE | |
| General note | "Order number EA-AIS." |
| 650 #0 - SUBJECT ADDED ENTRY--TOPICAL TERM | |
| Topical term or geographic name entry element | Aeronautical instruments |
| General subdivision | Maintenance and repair |
| -- | Programmed instruction. |
| 9 (RLIN) | 111143 |
| 710 2# - ADDED ENTRY--CORPORATE NAME | |
| Corporate name or jurisdiction name as entry element | IAP, Inc. |
| 9 (RLIN) | 111144 |
| 906 ## - LOCAL DATA ELEMENT F, LDF (RLIN) | |
| a | 7 |
| b | cbc |
| c | orignew |
| d | 1 |
| e | ocip |
| f | 19 |
| g | y-gencatlg |
| 942 ## - ADDED ENTRY ELEMENTS (KOHA) | |
| Source of classification or shelving scheme | |
| Koha item type | Book |
| Withdrawn status | Lost status | Source of classification or shelving scheme | Damaged status | Not for loan | Permanent Location | Current Location | Shelving location | Date acquired | Full call number | Barcode | Date last seen | Price effective from | Koha item type |
|---|---|---|---|---|---|---|---|---|---|---|---|---|---|
| School of Mechanical & Manufacturing Engineering (SMME) | School of Mechanical & Manufacturing Engineering (SMME) | Aerospace Engineering | 03/22/2023 | 629.135 CRA | SMME-3933 | 03/22/2023 | 03/22/2023 | Book |
